000 00709nam a2200181 a 4500
008 150817s1991 ||||||||||||||||| || u
020 _a9780063667129
050 _aQP 36 Kle
100 _aKleinelp, William C
245 1 0 _aIntroduction to the human body.(2nd ed.)
_cby William C. Kleinelp
250 _a2nd ed.
260 _aNew Jersey
_bHarperCollins Publishers
_c1991
300 _axii, 238p.
350 _a25.66
650 _aHUMAN PHYSIOLOGY--PROBLEMS, EXERCISES, ETC
650 _aHUMAN BODY--PROBLEMS, EXERCISE, ETC
995 _aMEDICAL LIBRARY OPEN ACCESS
_e903065
_FCBU-SCHOOL OF MEDICINE LIBRARY (Ndola)
_I25.66
_jQP 36 Kle
_M1
_UAVAILABLE
_WSep 7, 2015
_y903065
_ZMedical Library Open Access Collection
999 _c31857
_d31857